000 00288nam a22001217a 4500
999 _c8575
_d8576
005 20201007111823.0
008 201007b ||||| |||| 00| 0 eng d
040 _cJitshen
082 _aDVD FIF
245 _aFifa Women`s world cup Canada 2015
500 _a2 cd inside
942 _2ddc
_cDESK